Social Justice

Podrobná bibliografie
Médium: Elektronický zdroj Časopis
Jazyk:English
Vydáno: Social Justice/Global Options
Témata:
On-line přístup:Full text available on JSTOR[1988-04-01 - 2020-01-01]
Off-campus access
LEADER 00982cas a2200217 a 4500
001 AALejournalJSTOR002656
008 230228c9999 xx r poo 0 0eng d
022 |a 1043-1578 
022 |a 2327-641X 
040 |a BD-DhAAL  |c BD-DhAAL 
245 0 0 |h [electronic resource]  |a Social Justice 
260 |b Social Justice/Global Options 
300 |a 1 online resource 
362 0 |a Vol. 15,  |a no. 1 (31) 
500 |a <strong>Off-Campus Access:</strong> Athens ID and Password Required 
500 |a <strong>On-Campus Access:</strong> No User ID or Password Required 
506 |a Electronic access restricted to authorized BRAC University faculty, staff and students 
538 |a Mode of access: Internet 
650 4 |a Political Science ; Social Sciences 
856 4 0 |z Full text available on JSTOR[1988-04-01 - 2020-01-01]  |u https://www.jstor.org/journal/socijust 
856 4 0 |z Off-campus access  |u https://go.openathens.net/redirector/bracu.ac.bd?url=https%3A%2F%2Fwww.jstor.org%2Fjournal%2Fsocijust